000 00190nam a2200097 4500
999 _c530801
_d530801
040 _cDLC
082 _a813.6
_bMCL
100 _aMclarty, Ron
_922665
245 _aTraveller
942 _2ddc
_cBK